Statistics for Born in Nottingham

Click here to take the quiz!

General Stats

  • This quiz has been taken 15 times
    (3 since last reset)
  • The average score is 3 of 14

Answer Stats

HintAnswer% Correct
Footballer who plays for Nottingham Forest and the Welsh national team2001Brennan Johnson
67%
Goalkeeper who plays for Manchester United and the English women's national team1993Mary Earps
67%
Former footballer who played for Leicester, Nottingham Forest and the Jamaican national team1984Wes Morgan
67%
Main founder of AC Milan1870Herbert Kilpin
33%
Singer, "Two Fingers" "Broken"1994Jake Bugg
33%
Methodist preacher and founder of the Salvation Army1829William Booth
33%
Former footballer who played for Manchester United, Newcastle and the English national team1971Andy Cole
0%
Keyboard player, DJ and founding member of Depeche Mode1961Andy Fletcher
0%
Actress, known for her role as Lyanna Mormont in "Game of Thrones" and Ellie in "The Last of Us"2003Bella Ramsey
0%
Drummer of Deep Purple1948Ian Paice
0%
Actor, known for his role as Morgan Jones in "The Walking Dead"1965Lennie James
0%
Nobel-Prize winning chemist, known being a key figure in the development of Lithium-ion batteries1941M. Stanley Whittingham
0%
Writer, "Fatherland" "An Officer and a Spy"1957Robert Harris
0%
Actress, "Minority Report" "Sweet and Lowdown" 1977Samantha Morton
0%

Score Distribution

Percentile by Number Answered

Percent of People with Each Score

Your Score History

You have not taken this quiz since the last reset